000 00564nam a22002417a 4500
003 UA-OsUOA
001 27952
007 ta
008 20040916b un ||||| |||| 00| 0 ukr d
100 _aХапко В. Е.
090 _a796.325
_bХ19
942 _cBK
040 _aUA-OsUOA
_brus
_cUA-OsUOA
_dUA-OsUOA
245 _aВолейбол - юным
300 _a120 с.
_bІлюстрації
955 _a0
041 _arus
080 _a796.325
260 _aКиев
_bЗдоров'я
_c1987
044 _aRU
650 7 _2UDC
999 _c314304
_d314304